00920nas a2200229Ia 4500001001100000003000900011008004100020040001300061040001300074041001300087100005200100210001500152222001500167245006400182250001100246260002400257501008600281300001700367362002600384500023700410650004300647R137/95211IT-RoPAU151124c99999999xx |||||||||||| ||und|| aIT-RoPAU cIT-RoPAU aITALIANO aAlessandrini GiudittagCodice Aut. SPICS: 33732 aMULTIMEDIA aMultimedia aMULTIMEDIA, ANNO 01-N.01 (1991)bCercasi Mercato Per Il Cai a1a ed. aTORINObSONDAc1991 bPaulus - SPICS - Società San Paolo EM (non-commercial uses only)cCopyright2015 a5 p. [28-32] aANNO 001, N.01 (1991) aDomanda di Computer Aided Instruction (Cai). Mercato Italiano nel Suo Complesso, Dinamiche e Tendenze. Investimento nel Cai. Alcuni Settori: Prodottie Servizi, Istituti di Credito, Assicurazioni, Produttori di Programmi Informatici. aCOMUNICAZIONEvPUBBLICAZIONE PERIODICA